IFM Opac

Handbook of international management (Record no. 17074)

MARC details
000 -LEADER
fixed length control field 00476nam a22001577a 4500
020 ## - INTERNATIONAL STANDARD BOOK NUMBER
International Standard Book Number 0070625786
082 ## - DEWEY DECIMAL CLASSIFICATION NUMBER
Classification number 658.159 9 HAN
100 ## - MAIN ENTRY--PERSONAL NAME
Personal name Handbook of international management
245 ## - TITLE STATEMENT
Title Handbook of international management
260 ## - PUBLICATION, DISTRIBUTION, ETC.
Place of publication, distribution, etc. New York
Name of publisher, distributor, etc. McGrow-Hill
Date of publication, distribution, etc. 1985
300 ## - PHYSICAL DESCRIPTION
Extent vii;,
Other physical details ill; 24 cm.
500 ## - GENERAL NOTE
General note include index,
650 ## - SUBJECT ADDED ENTRY--TOPICAL TERM
Topical term or geographic name entry element hand Book of International Financial Management
700 ## - ADDED ENTRY--PERSONAL NAME
Personal name Hand Book of International Financial Management
942 ## - ADDED ENTRY ELEMENTS (KOHA)
Koha item type Books
Holdings
Withdrawn status Lost status Damaged status Not for loan Home library Current library Shelving location Date acquired Source of acquisition Total Checkouts Full call number Barcode Date last seen Price effective from Koha item type
        IFM Main Campus Library IFM Main Campus Library Archival Collection 09/30/2021 Purchased   658.159 9 HAN 0000008306 07/25/2017 02/19/2022 Books